[Event "FIDE Zonal 2.5 Open 2019"]
[Site "Montevideo"]
[Date "2019.04.18"]
[Round "8.19"]
[White "Moccero, Eduardo"]
[Black "Vazquez, Facundo"]
[Result "0-1"]
[WhiteElo "1939"]
[BlackElo "2009"]
[Annotator "NA"]
[PlyCount "114"]
[EventDate "2019.04.13"]
[EventType "swiss"]
[EventCountry "URU"]
[SourceTitle "playchess.com"]
[Source "ChessBase"]
[SourceQuality "1"]
[TimeControl "40/5400+30:1800+30"]

1. e4 {[%emt 0:00:00]} e6 {[%emt 0:00:08]} 2. d4 {[%emt 0:00:00]} d5 {[%emt 0:00:06]} 3. exd5 {[%emt 0:00:00]} exd5 {[%emt 0:00:07]} 4. c4 {[%emt 0:00:00]} Nf6 {[%emt 0:00:50]} 5. Nc3 {[%emt 0:00:14]} Bd6 {[%emt 0:00:54]} 6. Nf3 {[%emt 0:01:11]} dxc4 {[%emt 0:00:34]} 7. Bxc4 {[%emt 0:00:39]} O-O {[%emt 0:00:17]} 8. O-O {[%emt 0:00:30]} Nc6 {[%emt 0:00:57]} 9. h3 {[%emt 0:02:19]} h6 {[%emt 0:02:16]} 10. Be3 {[%emt 0:06:47] D20: Queen's Gambit Accepted: 3 e3 and 3 e4} (10. Re1 Bf5 11. a3 Re8 12. Rxe8+ Qxe8 13. Nb5 Qd7 14. Nxd6 Qxd6 15. Qb3 Be6 16. Bxe6 fxe6 17. Bf4 Qd5 18. Qxb7 Nxd4 19. Qxd5 Nxd5 20. Nxd4 Nxf4 {½-½ (59) Zvjaginsev,V (2673)-Popov,I (2596) Moscow 2016}) 10... Bf5 {[%emt 0:02:01]} 11. Rc1 {[%emt 0:03:43]} a6 {[%emt 0:03:03]} 12. d5 $146 {[%emt 0:08:00]} ({Predecessor:} 12. Re1 Qd7 13. a3 Rae8 14. d5 Ne5 15. Be2 Bxh3 16. Nxe5 Bxe5 17. Bd4 Bxd4 18. Qxd4 {0-1 (33) Minko,V (2370)-Lintchevski,D (2516) St Petersburg 2018}) 12... Ne7 {[%emt 0:06:20]} 13. a4 {[%emt 0:03:34]} Bh7 {[%emt 0:04:29]} 14. Qd2 {[%emt 0:05:31]} Bb4 {[%emt 0:06:31]} 15. Rfd1 {[%emt 0:02:19]} Nf5 16. Bb3 {[%emt 0:09:16]} Ne4 {[%emt 0:07:01]} 17. Qe2 {[%emt 0:02:04]} Nxe3 {[%emt 0:00:22]} 18. fxe3 {[%emt 0:01:08]} Ng3 {[%emt 0:02:21]} 19. Qc4 {[%emt 0:02:13]} Qe7 {[%emt 0:03:14]} 20. Re1 {[%emt 0:03:34]} Bc5 {[%emt 0:04:34]} 21. Nd1 {[%emt 0:00:57]} b6 {[%emt 0:00:31]} 22. Bc2 {[%emt 0:01:38]} Be4 {[%emt 0:04:47]} 23. Bxe4 {[%emt 0:01:02]} Nxe4 {[%emt 0:00:06]} 24. Nd4 {[%emt 0:05:47]} Rfe8 {[%emt 0:03:49]} 25. Qd3 {[%emt 0:02:04]} Qd6 {[%emt 0:05:22]} 26. Nf5 {[%emt 0:01:36]} Qg6 {[%emt 0:04:58]} 27. Rf1 {[%emt 0:02:02]} Rad8 {[%emt 0:07:12]} 28. b4 {[%emt 0:00:56]} Bd6 {[%emt 0:01:15]} 29. Rc4 {[%emt 0:02:48]} Ng5 30. e4 b5 {[%emt 0:02:20]} 31. axb5 {[%emt 0:01:54]} axb5 {[%emt 0:00:01]} 32. Rc6 {[%emt 0:04:40]} Nxe4 {[%emt 0:01:57]} 33. Nxd6 {[%emt 0:00:29]} cxd6 {[%emt 0:00:38]} 34. Nc3 {[%emt 0:06:42]} Nxc3 {[%emt 0:01:35]} 35. Qxc3 {[%emt 0:00:32]} Re2 {[%emt 0:01:24]} 36. Qf3 {[%emt 0:00:45]} Rb2 {[%emt 0:00:15]} 37. Rc7 {[%emt 0:00:46]} Rf8 {[%emt 0:00:21]} 38. Rb7 {[%emt 0:02:20]} Rxb4 {[%emt 0:01:08]} 39. Qe2 {[%emt 0:00:56]} Rb3 {[%emt 0:01:55]} 40. Rbxf7 {[%emt 0:00:30]} Rxf7 {[%emt 0:02:16]} 41. Qe8+ {[%emt 0:30:39]} Kh7 {[%emt 0:30:18]} 42. Rxf7 {[%emt 0:00:51]} Rxh3 $2 {[%emt 0:01:35]} (42... Rb1+ {mates} 43. Kh2 Rb2 44. Rxg7+ Qxg7 45. Qe4+ Kh8 46. h4 Qe5+ 47. Qxe5+ dxe5 48. Kh3 b4 49. Kg4 b3 50. Kf5 Rd2 51. g4 b2 52. g5 b1=Q+ 53. Kf6 Qb6+ 54. Kxe5 Re2+ 55. Kf5 h5 56. g6 Kg7 57. d6 Qxd6 58. Kg5 Qe5#) 43. Qxb5 {[%emt 0:02:18]} Rh5 {[%emt 0:04:46]} 44. Rf3 {[%emt 0:06:02]} Qe4 {[%emt 0:04:15]} 45. Qd3 {[%emt 0:04:00]} Qxd3 {[%emt 0:02:16]} 46. Rxd3 {[%emt 0:00:10]} Rf5 {[%emt 0:00:36]} 47. Kh2 {[%emt 0:00:23]} Kg6 {[%emt 0:00:27]} 48. Kg3 {[%emt 0:00:06]} Kf6 {[%emt 0:00:23]} 49. Kg4 {[%emt 0:02:11]} g6 {[%emt 0:00:27]} 50. Rd1 {[%emt 0:01:12]} Ke5 {[%emt 0:01:51]} 51. g3 {[%emt 0:00:10]} Ke4 {[%emt 0:01:54]} 52. Rd2 {[%emt 0:02:09]} h5+ {[%emt 0:05:37]} 53. Kh4 {[%emt 0:00:18]} Rxd5 {[%emt 0:00:41]} 54. Re2+ {[%emt 0:02:56]} Kf3 {[%emt 0:01:20]} 55. Re6 {[%emt 0:01:35]} g5+ {[%emt 0:01:59]} 56. Kxh5 {[%emt 0:00:14]} Kxg3 $19 {[%emt 0:00:07]} 57. Rf6 {[%emt 0:01:14]} g4+ {[%emt 0:00:54]} 0-1

[Event "FIDE Zonal 2.5 Open 2019"]
[Site "Montevideo"]
[Date "2019.04.18"]
[Round "8.20"]
[White "Rodriguez Farias, Eduardo"]
[Black "Gaye, Gustavo"]
[Result "1-0"]
[WhiteElo "1898"]
[BlackElo "2000"]
[Annotator "NA"]
[PlyCount "69"]
[EventDate "2019.04.13"]
[EventType "swiss"]
[EventCountry "URU"]
[SourceTitle "playchess.com"]
[Source "ChessBase"]
[SourceQuality "1"]
[TimeControl "40/5400+30:1800+30"]

1. e4 {[%emt 0:00:00]} g6 {[%emt 0:00:30]} 2. d4 {[%emt 0:00:04]} Bg7 {[%emt 0:00:04]} 3. Nf3 {[%emt 0:02:53]} c5 {[%emt 0:00:26]} 4. c3 {[%emt 0:01:29]} cxd4 {[%emt 0:00:35]} 5. cxd4 {[%emt 0:00:24]} d5 {[%emt 0:00:12]} 6. e5 {[%emt 0:01:22]} f6 {[%emt 0:00:28] B27: Sicilian: 2 Nf3, unusual Black 2nd moves} (6... Nh6 7. Nc3 O-O 8. h3 f6 9. exf6 Rxf6 10. Bg5 Rf8 11. Bb5 Nf5 12. O-O Nc6 13. Bxc6 bxc6 14. Qd2 {1-0 (31) Vachier Lagrave,M (2780)-Sebenik,M (2540) chess.com INT 2019}) 7. Bb5+ {[%emt 0:00:31]} Nc6 {[%emt 0:00:06]} 8. h3 {[%emt 0:00:49]} e6 $146 {[%emt 0:05:30]} ({Predecessor:} 8... Nh6 9. O-O O-O 10. Nc3 Nf7 11. exf6 exf6 12. Re1 g5 13. b3 Qa5 14. Bd2 g4 15. hxg4 Bxg4 16. Be2 Rad8 17. Nh4 Bxe2 18. Nxe2 Qc7 19. Nf4 Ng5 20. Nf5 Qd7 21. Qg4 Nxd4 22. Ne7+ Kh8 23. Qh5 {1-0 (23) Stefansson,H (2530)-Manik,M (2407) Pardubice 2017}) 9. O-O {[%emt 0:02:07]} Nge7 {[%emt 0:01:19]} 10. exf6 {[%emt 0:06:43]} Bxf6 {[%emt 0:00:35]} 11. Bxc6+ {[%emt 0:00:04]} Nxc6 {[%emt 0:17:26]} 12. Bh6 {[%emt 0:01:37]} Qb6 {[%emt 0:03:42]} 13. Nc3 {[%emt 0:09:42]} Bd7 {[%emt 0:26:26]} 14. Na4 {[%emt 0:06:47]} Qd8 {[%emt 0:06:43]} 15. Re1 {[%emt 0:00:58]} Kf7 {[%emt 0:03:01]} 16. Nc5 {[%emt 0:09:56]} b6 {[%emt 0:02:47]} 17. Nd3 {[%emt 0:00:21]} Re8 {[%emt 0:00:51]} 18. Rc1 {[%emt 0:10:36]} Rc8 {[%emt 0:02:39]} 19. Nfe5+ {[%emt 0:05:49]} Kg8 {[%emt 0:05:34]} 20. Qg4 {[%emt 0:01:02]} Nxe5 {[%emt 0:00:52]} 21. dxe5 {[%emt 0:04:33]} Rxc1 {[%emt 0:01:53]} 22. Rxc1 {[%emt 0:00:18]} Bg7 {[%emt 0:00:22]} 23. Bg5 {[%emt 0:01:01]} Qb8 {[%emt 0:01:02]} 24. f4 {[%emt 0:03:01]} Rc8 {[%emt 0:01:19]} 25. Rf1 {[%emt 0:04:01]} Rc4 {[%emt 0:03:38]} 26. Bf6 {[%emt 0:02:47]} Qf8 {[%emt 0:01:45]} 27. Qg5 {[%emt 0:03:57]} Bb5 {[%emt 0:03:49]} 28. Rf3 {[%emt 0:02:04]} Rc2 {[%emt 0:02:06]} 29. f5 {[%emt 0:14:15]} (29. Bxg7 $11 Qxg7 30. Nf2) 29... exf5 {[%emt 0:04:28]} (29... Bh6 $15 30. Qh4 exf5) 30. Bxg7 {[%emt 0:01:44]} Kxg7 {[%emt 0:02:17]} 31. Nf4 {[%emt 0:00:14]} Rc6 {[%emt 0:01:24]} 32. e6 {[%emt 0:02:26]} Rc7 {[%emt 0:00:42]} 33. Re3 $14 {[%emt 0:01:00]} Qc5 {[%emt 0:01:04]} 34. Nh5+ {[%emt 0:01:27]} Kg8 {[%emt 0:00:07]} 35. Qd8+ {[%emt 0:00:21]} 1-0

[Event "FIDE Zonal 2.5 Open 2019"]
[Site "Montevideo"]
[Date "2019.04.18"]
[Round "8.21"]
[White "Pinero, Ismael"]
[Black "Zaruski, Julio"]
[Result "1-0"]
[WhiteElo "1872"]
[BlackElo "1842"]
[Annotator "NA RC"]
[PlyCount "185"]
[EventDate "2019.04.13"]
[EventType "swiss"]
[EventCountry "URU"]
[SourceTitle "playchess.com"]
[Source "ChessBase"]
[SourceQuality "1"]
[TimeControl "40/5400+30:1800+30"]

1. e4 {[%emt 0:00:00]} c5 {[%emt 0:00:59]} 2. Nf3 {[%emt 0:00:00]} g6 {[%emt 0:00:12]} 3. d4 {[%emt 0:00:26]} Bg7 {[%emt 0:00:14]} 4. Nc3 {[%emt 0:00:19]} cxd4 {[%emt 0:00:50]} 5. Nxd4 {[%emt 0:00:02]} Nc6 {[%emt 0:00:46]} 6. Be3 {[%emt 0:00:11]} d6 {[%emt 0:09:08]} 7. Qd2 {[%emt 0:00:20]} Nf6 {[%emt 0:01:09]} 8. f3 {[%emt 0:02:16]} O-O {[%emt 0:00:13]} 9. Bc4 {[%emt 0:00:57]} e6 {[%emt 0:05:15]} 10. O-O-O {[%emt 0:04:02]} d5 {[%emt 0:00:11]} 11. exd5 {[%emt 0:00:11]} exd5 {[%emt 0:00:33]} 12. Bb3 {[%emt 0:00:17]} Na5 {[%emt 0:01:47] B77: Sicilian Dragon: Yugoslav Attack, 9 Bc4 sidelines} 13. Nde2 $146 {[%emt 0:07:07]} ({Predecessor:} 13. Bg5 Nc4 14. Bxc4 dxc4 15. Rhe1 Qb6 16. Qf4 Rd8 17. Ndb5 Be6 18. Bxf6 Bxf6 19. Qxf6 a6 20. Nd4 Rd6 21. Nxe6 Rxd1+ 22. Nxd1 {1-0 (22) Fedotov,I (1969)-Naumov,F (2098) Kazan 2008}) 13... Nxb3+ {[%emt 0:01:12]} 14. axb3 {[%emt 0:01:01]} Re8 {[%emt 0:02:58]} 15. Bg5 {[%emt 0:08:00]} Be6 {[%emt 0:00:58]} 16. Rhe1 {[%emt 0:01:21]} Qa5 {[%emt 0:00:41]} 17. Kb1 {[%emt 0:00:04]} d4 {[%emt 0:07:10]} 18. Nxd4 {[%emt 0:05:33]} Rad8 {[%emt 0:00:27]} 19. Bxf6 {[%emt 0:16:39]} Bxf6 {[%emt 0:00:13]} 20. Ne4 {[%emt 0:00:02]} Qe5 {[%emt 0:02:44]} 21. Nxf6+ {[%emt 0:00:31]} Qxf6 {[%emt 0:00:09]} 22. Qf2 {[%emt 0:00:21]} Bd7 {[%emt 0:13:35]} 23. Rxe8+ {[%emt 0:06:23]} Rxe8 {[%emt 0:01:01]} 24. Rd2 {[%emt 0:01:45]} Re5 {[%emt 0:03:27]} 25. Ne2 {[%emt 0:05:09]} Qe7 {[%emt 0:01:58]} 26. Nc3 {[%emt 0:01:48]} b6 {[%emt 0:08:29]} 27. Re2 {[%emt 0:00:25]} f6 {[%emt 0:07:04]} 28. f4 {[%emt 0:02:55]} Rxe2 {[%emt 0:01:16]} 29. Qxe2 {[%emt 0:00:04]} Qxe2 {[%emt 0:00:29]} 30. Nxe2 {[%emt 0:00:26]} Kf7 {[%emt 0:00:03]} 31. Kc1 {[%emt 0:00:04]} Ke6 {[%emt 0:00:19]} 32. Kd2 {[%emt 0:00:16]} Kf5 {[%emt 0:00:33]} 33. Ke3 {[%emt 0:00:02]} Kg4 {[%emt 0:00:55]} 34. h3+ {[%emt 0:03:02]} Kh4 {[%emt 0:00:18]} 35. Kf2 {[%emt 0:00:04]} Bc6 {[%emt 0:04:38]} 36. Nd4 {[%emt 0:01:12]} Bd7 {[%emt 0:00:17]} 37. Nf3+ $2 {[%emt 0:07:47]} (37. b4 $18 {is more deadly.}) 37... Kh5 38. c4 {[%emt 0:01:43]} Kh6 {[%emt 0:07:22]} 39. b4 Kg7 40. Nd4 {[%emt 0:03:13]} Kf7 {[%emt 0:00:58]} 41. Ke3 {[%emt 0:30:22]} Ke7 {[%emt 0:30:41]} 42. c5 {[%emt 0:00:12]} bxc5 {[%emt 0:05:43]} 43. bxc5 {[%emt 0:00:05]} a5 {[%emt 0:00:39]} 44. Ke4 {[%emt 0:01:22]} h5 {[%emt 0:01:53]} 45. Kd5 {[%emt 0:00:10]} g5 {[%emt 0:01:20]} 46. fxg5 {[%emt 0:00:13]} fxg5 {[%emt 0:00:06]} 47. Nc6+ {[%emt 0:03:17]} Kf6 {[%emt 0:00:19]} 48. Ne5 {[%emt 0:02:54]} Bb5 {[%emt 0:00:45]} 49. c6 {[%emt 0:01:42]} Bf1 {[%emt 0:00:06]} 50. g4 {[%emt 0:02:20]} hxg4 {[%emt 0:03:56]} 51. hxg4 {[%emt 0:00:34]} Ke7 {[%emt 0:00:11]} 52. Nc4 {[%emt 0:02:54]} Be2 {[%emt 0:01:17] [#]} 53. Ne3 $1 {[%emt 0:00:55]} a4 {[%emt 0:00:34]} 54. Kc5 {[%emt 0:00:03]} Kd8 $11 {[%emt 0:00:27]} 55. Kb6 {[%emt 0:00:25]} Kc8 {[%emt 0:00:44]} (55... Ke7) 56. Kc5 {[%emt 0:00:17]} Kc7 $2 {[%emt 0:00:40]} 57. Nd5+ {[%emt 0:00:05]} Kb8 {[%emt 0:02:15] [#]} 58. Nf6 {[%emt 0:00:58]} (58. Nc3 $142 $1 Bxg4 59. Nxa4) 58... Kc7 {[%emt 0:00:36]} 59. Ne4 $2 {[%emt 0:00:03]} (59. Ne8+ Kb8) 59... Bf3 {[%emt 0:00:43]} 60. Nxg5 {[%emt 0:00:24]} Bxc6 $2 {[%emt 0:00:07]} (60... Bxg4 $16 61. Kd5 Kb6) 61. Ne6+ {[%emt 0:01:48]} Kd7 {[%emt 0:00:20] [#]} 62. Nf4 $2 {[%emt 0:00:10]} (62. Nf8+ $1 $18 Kc7 63. g5) 62... Bf3 {[%emt 0:01:00]} 63. g5 {[%emt 0:00:23]} Ke7 {[%emt 0:00:19]} 64. Kd4 {[%emt 0:00:24]} Kf7 {[%emt 0:00:38]} 65. Ke5 {[%emt 0:00:13]} Bd1 $2 {[%emt 0:00:32] [#]} (65... Bg4 $16) 66. g6+ $1 {[%emt 0:00:49]} Kg7 {[%emt 0:00:11] [#]} 67. Kf5 $1 {[%emt 0:00:02]} Bc2+ {[%emt 0:00:32]} 68. Kg5 {[%emt 0:00:02]} Bb3 {[%emt 0:04:25]} 69. Nh5+ {[%emt 0:00:11]} Kg8 {[%emt 0:01:15]} 70. Kf6 Bc4 71. Ng3 {[%emt 0:00:54]} Kf8 72. Nf5 {[%emt 0:00:00]} Bb3 {[%emt 0:00:00]} 73. Ne7 {[%emt 0:00:00]} Ke8 {[%emt 0:00:00]} 74. g7 {[%emt 0:00:00]} Kd7 {[%emt 0:00:00]} 75. Nf5 $18 {[%emt 0:00:00]} Bg8 {[%emt 0:00:00]} 76. Ke5 {[%emt 0:00:00]} Bh7 {[%emt 0:00:00]} 77. Nh6 {[%emt 0:00:00]} Kc6 {[%emt 0:00:00]} 78. Kd4 {[%emt 0:00:00]} a3 {[%emt 0:00:00]} 79. bxa3 {[%emt 0:00:00]} Kb5 {[%emt 0:00:00]} 80. Kc3 {[%emt 0:00:00]} Ka4 {[%emt 0:00:00]} 81. Kb2 {[%emt 0:00:00]} Ka5 {[%emt 0:00:00]} 82. g8=Q Bxg8 {[%emt 0:00:00]} 83. Nxg8 {[%emt 0:00:00]} Ka4 {[%emt 0:00:00]} 84. Nf6 {[%emt 0:00:00]} Ka5 {[%emt 0:00:00]} 85. Kb3 {[%emt 0:00:00]} Ka6 {[%emt 0:00:00]} 86. Kb4 {[%emt 0:00:00]} Ka7 {[%emt 0:00:00]} 87. Kb5 {[%emt 0:00:00]} Kb7 {[%emt 0:00:00]} 88. Nd5 {[%emt 0:00:00]} Ka7 {[%emt 0:00:00]} 89. a4 {[%emt 0:00:00]} Kb7 {[%emt 0:00:00]} 90. a5 {[%emt 0:00:00]} Ka7 {[%emt 0:00:00]} 91. a6 {[%emt 0:00:00]} Kb8 {[%emt 0:00:00]} 92. Kb6 {[%emt 0:00:00]} Ka8 {[%emt 0:00:00]} 93. Nc7+ {[%emt 0:00:00]} 1-0

[Event "FIDE Zonal 2.5 Open 2019"]
[Site "Montevideo"]
[Date "2019.04.18"]
[Round "8.22"]
[White "Pena Canapa, Alfredo"]
[Black "Lanaro, Emilio"]
[Result "1-0"]
[WhiteElo "1811"]
[BlackElo "1694"]
[Annotator "NA"]
[PlyCount "105"]
[EventDate "2019.04.13"]
[EventType "swiss"]
[EventCountry "URU"]
[SourceTitle "playchess.com"]
[Source "ChessBase"]
[SourceQuality "1"]
[TimeControl "40/5400+30:1800+30"]

1. d4 {[%emt 0:00:00]} Nf6 {[%emt 0:00:00]} 2. c4 {[%emt 0:00:00]} g6 {[%emt 0:00:00]} 3. Nc3 {[%emt 0:00:00]} Bg7 {[%emt 0:00:00]} 4. e4 {[%emt 0:00:00]} d6 {[%emt 0:00:00]} 5. h3 {[%emt 0:00:12]} O-O {[%emt 0:00:00]} 6. Be3 {[%emt 0:00:05]} e5 {[%emt 0:00:06]} 7. d5 {[%emt 0:00:07]} Nbd7 {[%emt 0:00:06]} 8. Be2 {[%emt 0:07:10] E71: King's Indian: 4 e4 d6 5 h3} (8. Bd3 Nc5 9. Bc2 a5 10. Qd2 Bd7 11. Nge2 c6 12. O-O cxd5 13. exd5 b6 14. Rae1 Nh5 15. g4 Nf6 16. Ng3 h5 {½-½ (57) Salem,A (2638)-Amonatov,F (2636) Riadh 2017}) 8... Nc5 {[%emt 0:00:54]} 9. Bf3 {[%emt 0:01:38]} a5 {[%emt 0:00:12]} 10. g4 {[%emt 0:04:09]} Bd7 {[%emt 0:01:22]} 11. Nge2 {[%emt 0:01:07]} Ne8 {[%emt 0:00:36]} 12. Ng3 {[%emt 0:00:12]} c6 $146 {[%emt 0:00:55]} ({Predecessor:} 12... Rb8 13. Qe2 Qh4 14. Qd2 Qe7 15. Be2 Ra8 16. h4 c6 17. h5 Nc7 18. Bxc5 {1-0 (18) Istvanovszky,K (2263)-Rozsa,S (2119) Balatonlelle 2002}) 13. Qd2 {[%emt 0:05:47]} cxd5 {[%emt 0:02:03]} 14. cxd5 {[%emt 0:00:23]} b5 {[%emt 0:04:42]} 15. Rc1 {[%emt 0:12:33]} b4 {[%emt 0:05:17]} 16. Nce2 {[%emt 0:02:41]} Rc8 {[%emt 0:03:45]} 17. Kf1 {[%emt 0:01:43]} b3 {[%emt 0:16:16]} 18. a3 {[%emt 0:01:16]} a4 {[%emt 0:13:47]} 19. Nc3 {[%emt 0:02:10]} Qa5 {[%emt 0:02:02]} 20. Be2 {[%emt 0:07:17]} f5 {[%emt 0:05:19]} 21. gxf5 {[%emt 0:00:19]} gxf5 {[%emt 0:00:11]} 22. exf5 {[%emt 0:00:15]} Nf6 {[%emt 0:00:33]} 23. Bh6 {[%emt 0:10:38]} Rf7 {[%emt 0:18:29]} 24. Rg1 {[%emt 0:10:14]} Qd8 {[%emt 0:05:45]} 25. Nh5 {[%emt 0:16:40]} Ne8 {[%emt 0:06:10]} 26. f6 {[%emt 0:02:20]} Bxh3+ {[%emt 0:02:15]} 27. Ke1 {[%emt 0:00:07]} Rxf6 {[%emt 0:00:28]} 28. Nxf6+ $2 {[%emt 0:01:40]} ({And not} 28. Rxg7+ Nxg7 29. Nxf6+ (29. Nxg7 $2 Rxf2 30. Ne6 Nxe6 $19) (29. Bxg7 Rg6 $17) 29... Qxf6 $15) (28. Bxg7 Nxg7 29. Rxg7+ Kh8 30. Qg5) 28... Qxf6 {[%emt 0:00:08]} 29. Bxg7 {[%emt 0:00:56]} (29. Bb5 $142) 29... Nxg7 {[%emt 0:00:06]} 30. Qg5 {[%emt 0:02:14]} Ne4 {[%emt 0:03:08]} 31. Qxf6 {[%emt 0:00:32]} Nxf6 {[%emt 0:00:06]} 32. Kd2 {[%emt 0:00:15]} Bd7 {[%emt 0:01:48]} 33. Bd3 {[%emt 0:02:36]} Kf7 {[%emt 0:01:14]} 34. Ne4 {[%emt 0:00:42]} Rxc1 {[%emt 0:01:21]} 35. Rxc1 {[%emt 0:00:17]} (35. Nxd6+ $142 Ke7 36. Kxc1) 35... Nxd5 $2 {[%emt 0:00:46]} (35... Nge8 $16 36. f3 Ke7) 36. Nxd6+ {[%emt 0:01:27]} Ke7 {[%emt 0:01:25]} 37. Nc4 {[%emt 0:00:32]} h5 {[%emt 0:00:57]} 38. Nxe5 {[%emt 0:00:31]} Be8 {[%emt 0:00:47]} 39. Bg6 {[%emt 0:03:30]} Bxg6 {[%emt 0:01:47]} 40. Nxg6+ {[%emt 0:00:05]} Kf6 {[%emt 0:00:08]} 41. Nh4 {[%emt 0:30:39]} Kg5 {[%emt 0:30:45]} 42. Rc4 {[%emt 0:01:10]} Nf5 {[%emt 0:04:08]} 43. Nf3+ {[%emt 0:01:48]} Kg6 {[%emt 0:00:48]} 44. Rxa4 {[%emt 0:00:09]} Nf6 {[%emt 0:00:19]} 45. Ra6 {[%emt 0:00:47]} h4 {[%emt 0:00:27]} 46. Ke1 {[%emt 0:00:53]} Kf7 $18 {[%emt 0:00:00]} 47. Rb6 {[%emt 0:00:00]} Ne4 {[%emt 0:00:00]} 48. Rxb3 {[%emt 0:00:00]} Nc5 {[%emt 0:00:00]} 49. Rb5 {[%emt 0:00:00]} Nd3+ 50. Kd2 Nxf2 {[%emt 0:00:00]} 51. Rxf5+ {[%emt 0:00:00]} Ke6 {[%emt 0:00:00]} 52. Nxh4 {[%emt 0:00:00]} Kd6 {[%emt 0:00:00]} 53. Rxf2 {[%emt 0:00:00]} 1-0

[Event "FIDE Zonal 2.5 Open 2019"]
[Site "Montevideo"]
[Date "2019.04.18"]
[Round "8.23"]
[White "Barreto Filho, Carlos Alberto"]
[Black "Manteiga, Franco"]
[Result "0-1"]
[WhiteElo "2293"]
[BlackElo "1684"]
[Annotator "NA"]
[PlyCount "66"]
[EventDate "2019.04.13"]
[EventType "swiss"]
[EventCountry "URU"]
[SourceTitle "playchess.com"]
[Source "ChessBase"]
[SourceQuality "1"]
[TimeControl "40/5400+30:1800+30"]

1. d4 {[%emt 0:00:00]} Nf6 {[%emt 0:00:00]} 2. Nf3 {[%emt 0:00:00]} d5 {[%emt 0:01:03]} 3. Bf4 {[%emt 0:00:18]} c5 {[%emt 0:00:47]} 4. e3 {[%emt 0:00:51]} Nc6 {[%emt 0:00:27]} 5. c3 {[%emt 0:03:26]} Qb6 {[%emt 0:06:29]} 6. Na3 {[%emt 0:11:18] D02: 1 d4 d5 2 Nf3 sidelines, including 2...Nf6 3 g3 and 2...Nf6 3 Bf4} (6. Qc2 g6 7. Nbd2 Bg7 8. h3 O-O 9. Be2 Nd7 10. O-O e5 11. dxe5 Ndxe5 12. Nxe5 Nxe5 13. e4 dxe4 14. Nxe4 {½-½ (23) Laznicka,V (2668)-Nisipeanu,L (2674) Germany 2019}) 6... c4 {[%emt 0:15:40]} 7. Qc1 {[%emt 0:02:58]} Bf5 {[%emt 0:10:10]} 8. b3 {[%emt 0:02:05]} cxb3 {[%emt 0:11:09]} 9. axb3 {[%emt 0:02:47]} Rc8 {[%emt 0:14:01]} 10. Bb5 {[%emt 0:01:06]} e6 $146 {[%emt 0:02:59]} ({Predecessor:} 10... a6 11. Ba4 Qd8 12. c4 dxc4 13. Bxc6+ Rxc6 14. bxc4 e6 15. O-O Be7 16. Ne5 Rc8 {½-½ (16) Fernandez,J (2265)-Bertona,F (2405) Ezeiza 2000}) 11. Ne5 {[%emt 0:09:41]} Bxa3 {[%emt 0:10:58]} 12. Bxc6+ {[%emt 0:00:09]} Qxc6 {[%emt 0:00:05]} 13. Rxa3 {[%emt 0:08:36]} Qxc3+ {[%emt 0:03:46]} 14. Qxc3 {[%emt 0:00:08]} Rxc3 {[%emt 0:00:04]} 15. O-O {[%emt 0:00:12]} a6 {[%emt 0:01:01]} 16. h3 {[%emt 0:04:11]} Ke7 {[%emt 0:02:47]} 17. Rfa1 {[%emt 0:01:40]} Rhc8 {[%emt 0:01:03]} 18. Kh2 {[%emt 0:00:52]} Rc2 {[%emt 0:01:28]} 19. R3a2 {[%emt 0:01:07]} h6 {[%emt 0:04:50]} 20. Nf3 {[%emt 0:02:39]} Ne4 {[%emt 0:03:06]} 21. g4 {[%emt 0:01:49]} Bh7 {[%emt 0:01:32]} 22. Kg2 {[%emt 0:00:12]} f6 {[%emt 0:01:30]} 23. Ne1 {[%emt 0:00:12]} R2c3 {[%emt 0:01:32]} 24. Rb2 {[%emt 0:02:59]} Nd6 {[%emt 0:01:10]} 25. Bxd6+ {[%emt 0:01:24]} Kxd6 {[%emt 0:00:14]} 26. Kg3 {[%emt 0:01:47]} e5 {[%emt 0:01:42]} 27. Rd1 {[%emt 0:00:48]} Bc2 {[%emt 0:00:49]} 28. dxe5+ {[%emt 0:01:18]} fxe5 {[%emt 0:00:32]} 29. Nxc2 {[%emt 0:02:57]} Rxc2 {[%emt 0:00:03]} 30. Rxc2 {[%emt 0:00:10]} Rxc2 {[%emt 0:00:04]} 31. e4 {[%emt 0:00:09]} d4 {[%emt 0:00:38]} 32. f4 {[%emt 0:00:43]} Rc3+ {[%emt 0:00:23]} 33. Kh4 {[%emt 0:00:09]} Rxb3 $19 {[%emt 0:00:45]} 0-1

[Event "FIDE Zonal 2.5 Open 2019"]
[Site "Montevideo"]
[Date "2019.04.18"]
[Round "8.24"]
[White "Palacio, Enzo"]
[Black "Romero, Robert"]
[Result "1-0"]
[WhiteElo "1745"]
[BlackElo "1599"]
[Annotator "NA"]
[PlyCount "51"]
[EventDate "2019.04.13"]
[EventType "swiss"]
[EventCountry "URU"]
[SourceTitle "playchess.com"]
[Source "ChessBase"]
[SourceQuality "1"]
[TimeControl "40/5400+30:1800+30"]

1. e4 {[%emt 0:00:00]} c5 {[%emt 0:00:00]} 2. Nf3 {[%emt 0:00:00]} d6 {[%emt 0:00:05]} 3. d4 {[%emt 0:00:00]} cxd4 {[%emt 0:00:06]} 4. Nxd4 {[%emt 0:00:00]} Nf6 {[%emt 0:00:10]} 5. Nc3 {[%emt 0:00:00]} a6 {[%emt 0:00:06]} 6. Bg5 {[%emt 0:00:00]} e6 {[%emt 0:00:13]} 7. f4 {[%emt 0:00:00]} Be7 {[%emt 0:00:29]} 8. Qf3 {[%emt 0:00:00]} Nc6 {[%emt 0:01:19]} 9. Nxc6 {[%emt 0:03:35]} bxc6 {[%emt 0:00:07]} 10. e5 {[%emt 0:02:39]} dxe5 {[%emt 0:00:23]} 11. fxe5 {[%emt 0:01:23]} Nd5 {[%emt 0:01:25]} 12. Bxe7 {[%emt 0:00:03]} Qxe7 {[%emt 0:00:40]} 13. O-O-O {[%emt 0:02:01]} Qg5+ {[%emt 0:01:33]} 14. Kb1 {[%emt 0:00:49]} Qxe5 {[%emt 0:00:22]} 15. Bc4 {[%emt 0:02:02]} O-O {[%emt 0:01:15]} 16. Rhe1 {[%emt 0:03:20]} Qxh2 {[%emt 0:05:04]} 17. Rh1 {[%emt 0:00:10]} Nxc3+ {[%emt 0:00:12]} 18. Qxc3 {[%emt 0:00:23]} Qf4 {[%emt 0:02:44]} 19. Rd4 {[%emt 0:08:20]} Qf6 {[%emt 0:06:23]} 20. Qd3 {[%emt 0:03:48]} Qf5 {[%emt 0:06:04]} 21. Qg3 {[%emt 0:01:39]} Qf6 {[%emt 0:38:10]} 22. Rdh4 {[%emt 0:17:58]} Rd8 {[%emt 0:01:54]} 23. Bd3 {[%emt 0:03:12]} Rd5 {[%emt 0:08:07]} 24. Rxh7 {[%emt 0:00:48]} Kf8 {[%emt 0:00:05]} 25. Be4 {[%emt 0:07:12]} Re5 {[%emt 0:03:05]} 26. Qa3+ {[%emt 0:00:22]} 1-0